000 00418nab a2200145Ia 4500
003 ES-SlBCS
005 20210601124920.0
008 140529s1976 xxu||||| |||| 00| 0 eng d
041 _aeng
100 1 _aTully, R. E.
_9151406
245 0 0 _aReduction and Secondary Qualities
_c R. E. Tully
650 0 4 _aCualidades Secundarias
_9151407
773 0 _tMind
_gvol. 85, nº. 339, 1976, págs. 351-370
_wRev1408
942 _cAR
999 _c521636
_d521636